[Event "St Veit op 42nd"]
[Site "St Veit"]
[Date "2023.07.13"]
[Round "7"]
[White "Mazi, Leon"]
[Black "Raeke, Philipp"]
[Result "1-0"]
[WhiteElo "2345"]
[BlackElo "2014"]
[PlyCount "43"]
[EventDate "2023.07.08"]
[EventType "swiss"]
[EventRounds "9"]
[EventCountry "AUT"]
[SourceTitle "CBM 215 Extra"]
[Source "ChessBase"]
[SourceDate "2023.09.30"]
[SourceVersion "1"]
[SourceVersionDate "2023.09.30"]
[SourceQuality "1"]

1. e4 d6 2. d4 Nf6 3. Nc3 e5 4. Nf3 exd4 5. Nxd4 Be7 6. g3 Nc6 7. Bg2 0-0 8. h3 Re8 9. 0-0 Nxd4 10. Qxd4 c6 11. Be3 Qa5 12. Rfe1 Qh5 13. Qd1 Qa5 14. Qd2 Nd7 15. Nd5 Qxd2 16. Nxe7+ Rxe7 17. Bxd2 Ne5 18. Rad1 Be6 19. f4 Nc4 20. Bc1 Rd8 21. b3 Na5 22. Ba3 1-0

[Event "St Veit op 42nd"]
[Site "St Veit"]
[Date "2023.07.09"]
[Round "3"]
[White "Raeke, Philipp"]
[Black "Schwab, Lukas"]
[Result "1/2-1/2"]
[WhiteElo "2014"]
[BlackElo "2195"]
[PlyCount "80"]
[EventDate "2023.07.08"]
[EventType "swiss"]
[EventRounds "9"]
[EventCountry "AUT"]
[SourceTitle "CBM 215 Extra"]
[Source "ChessBase"]
[SourceDate "2023.09.30"]
[SourceVersion "1"]
[SourceVersionDate "2023.09.30"]
[SourceQuality "1"]

1. e4 e5 2. Nf3 Nc6 3. d4 exd4 4. Nxd4 Bb4+ 5. c3 Bc5 6. Be3 Bb6 7. Nf5 Bxe3 8. Nxe3 Nf6 9. f3 b6 10. c4 Qe7 11. Nc3 Qc5 12. Qd2 Bb7 13. Ncd5 Nxd5 14. cxd5 Ne7 15. Rc1 Qd6 16. Nc4 Qh6 17. d6 Qxd2+ 18. Kxd2 Nc6 19. dxc7 Ke7 20. Ne3 g6 21. Nd5+ Kd6 22. Bc4 Na5 23. Rhd1 Nxc4+ 24. Rxc4 Bxd5 25. Kc3 Rhc8 26. Rxd5+ Ke6 27. Kd4 f6 28. f4 a6 29. e5 fxe5+ 30. Rxe5+ Kd6 31. Rd5+ Ke6 32. Rc3 Ra7 33. Re3+ Kf6 34. Rd6+ Kf5 35. Rd5+ Kf6 36. Rxd7 Raxc7 37. Rxc7 Rxc7 38. g4 Rc2 39. Rb3 b5 40. h3 Rf2 1/2-1/2

[Event "AUT-ch Blitz"]
[Site "Graz"]
[Date "2023.06.09"]
[Round "9"]
[White "Huber, Martin Christian"]
[Black "Raeke, Philipp"]
[Result "1-0"]
[WhiteElo "2342"]
[BlackElo "2014"]
[PlyCount "82"]
[EventDate "2023.06.09"]
[EventType "swiss (blitz)"]
[EventRounds "11"]
[EventCountry "AUT"]
[SourceTitle "CBM 214 Extra"]
[Source "ChessBase"]
[SourceDate "2023.07.31"]
[SourceVersion "1"]
[SourceVersionDate "2023.07.31"]
[SourceQuality "1"]

1. Nf3 e6 2. c4 Nf6 3. g3 c5 4. Bg2 d5 5. 0-0 Be7 6. cxd5 Nxd5 7. Nc3 0-0 8. Nxd5 exd5 9. d4 Nc6 10. Be3 c4 11. b3 Bg4 12. bxc4 dxc4 13. d5 Bxf3 14. Bxf3 Ne5 15. Bg2 Qa5 16. Bd4 Bf6 17. a4 Rad8 18. Rb1 b6 19. Rb5 Qa6 20. Qc2 Rc8 21. Rd1 Rfd8 22. Bh3 Rc7 23. d6 Rc5 24. Bxc5 bxc5 25. d7 Qc6 26. Bg2 Qe6 27. Rxc5 g6 28. Rcd5 c3 29. Rd6 Qe7 30. Kh1 Ng4 31. e3 Be5 32. R6d5 Nf6 33. R5d3 h5 34. h3 h4 35. g4 Bb8 36. Qxc3 Be5 37. Qc8 Kg7 38. Rc1 Bb2 39. Rb1 Ne4 40. Rxb2 Qe5 41. Qc2 Rxd7 1-0

[Event "Steyr Landesliga 2122"]
[Site "Austria"]
[Date "2022.03.19"]
[Round "4.6"]
[White "Kolm, Robert"]
[Black "Raeke, Philipp"]
[Result "0-1"]
[WhiteElo "1932"]
[BlackElo "1854"]
[PlyCount "100"]
[EventDate "2021.10.16"]
[EventType "team-tourn"]
[EventRounds "11"]
[EventCountry "AUT"]
[SourceTitle "EXT 2023"]
[Source "ChessBase"]
[SourceDate "2022.10.05"]
[SourceVersion "1"]
[SourceVersionDate "2022.10.05"]
[SourceQuality "1"]
[WhiteTeam "Gamlitz"]
[BlackTeam "Trofaiach Niklasdorf"]
[WhiteTeamCountry "AUT"]
[BlackTeamCountry "AUT"]

1. e4 e6 2. d4 d5 3. Nc3 Bb4 4. exd5 exd5 5. Bd3 Ne7 6. Qf3 c5 7. dxc5 d4 8. a3 Qa5 9. axb4 Qxa1 10. Nce2 Nbc6 11. c3 Bd7 12. Nh3 Ne5 13. Qg3 Nxd3+ 14. Qxd3 dxc3 15. bxc3 Bxh3 16. gxh3 Rd8 17. Qf3 Qb1 18. Qxb7 Qd3 19. f4 0-0 20. Kf2 Nd5 21. Re1 Qxh3 22. c4 Qxh2+ 23. Kf1 Qh1+ 24. Kf2 Qh4+ 25. Kf1 Nf6 26. Qg2 Rfe8 27. Ng3 Rxe1+ 28. Kxe1 Nh5 29. Kf2 Nxf4 30. Qf1 Qh2+ 31. Kf3 Rd3+ 32. Be3 Rxe3+ 33. Kxe3 Qxg3+ 34. Ke4 Ng6 35. Kd5 Qe5+ 36. Kc6 Ne7+ 37. Kb5 Qb8+ 38. Ka4 Qc7 39. Qd3 h6 40. Qd6 Qb7 41. b5 Qe4 42. Kb4 Qe1+ 43. Kb3 Qb1+ 44. Ka4 Nf5 45. Qd8+ Kh7 46. c6 Qa2+ 47. Kb4 Qb2+ 48. Ka4 Nd4 49. Qe7 Nc2 50. Qe4+ g6 0-1

[Event "Steyr Landesliga 2122"]
[Site "Austria"]
[Date "2021.11.13"]
[Round "2.6"]
[White "Raeke, Philipp"]
[Black "Walzl, Martin"]
[Result "0-1"]
[WhiteElo "1854"]
[BlackElo "2038"]
[PlyCount "84"]
[EventDate "2021.10.16"]
[EventType "team-tourn"]
[EventRounds "11"]
[EventCountry "AUT"]
[SourceTitle "EXT 2023"]
[Source "ChessBase"]
[SourceDate "2022.10.05"]
[SourceVersion "1"]
[SourceVersionDate "2022.10.05"]
[SourceQuality "1"]
[WhiteTeam "Trofaiach Niklasdorf"]
[BlackTeam "Gleisdorf"]
[WhiteTeamCountry "AUT"]
[BlackTeamCountry "AUT"]

1. e4 c5 2. d4 cxd4 3. c3 d3 4. c4 Nc6 5. Nc3 g6 6. Bxd3 Bg7 7. Nge2 d6 8. 0-0 Nf6 9. Rb1 0-0 10. h3 Ne5 11. Be3 b6 12. f4 Nxd3 13. Qxd3 Bb7 14. b3 Qd7 15. Rbd1 Rad8 16. Rf2 Rfe8 17. g4 Qc8 18. f5 Nd7 19. fxg6 hxg6 20. Bg5 Nc5 21. Qf3 f6 22. Bh4 Nd7 23. Bg3 Ne5 24. Bxe5 dxe5 25. h4 Rxd1+ 26. Nxd1 Qd7 27. Ne3 e6 28. Rf1 Qe7 29. Ng3 f5 30. Ng2 Rd8 31. g5 Rd4 32. Re1 Qd8 33. Re2 Bf8 34. Kh2 Rd3 35. Qf1 f4 36. Nh1 f3 37. Rf2 fxg2 38. Qxg2 Bc5 39. Rf6 Rd2 40. Rxg6+ Kf7 41. Rf6+ Qxf6 42. Qxd2 Qf4+ 0-1

[Event "AUT-ch Vor2 Internet"]
[Site "Playchess.com INT"]
[Date "2020.04.13"]
[Round "3"]
[White "Polterauer, Chiara"]
[Black "Raeke, Philipp"]
[Result "1-0"]
[WhiteElo "2178"]
[BlackElo "1880"]
[PlyCount "103"]
[EventDate "2020.04.13"]
[EventType "swiss (blitz)"]
[EventRounds "9"]
[EventCountry "AUT"]
[SourceTitle "CBM 195 Extra"]
[Source "ChessBase"]
[SourceDate "2020.05.31"]
[SourceVersion "1"]
[SourceVersionDate "2020.05.31"]
[SourceQuality "1"]

1. e4 e6 2. d4 d5 3. Nd2 dxe4 4. Nxe4 Bd7 5. Bd3 Bc6 6. Nf3 Nd7 7. 0-0 Ngf6 8. Qe2 Qe7 9. c4 Rg8 10. a3 Nxe4 11. Bxe4 Bxe4 12. Qxe4 c6 13. b4 f5 14. Qe2 h6 15. Re1 Kf7 16. Ne5+ Nxe5 17. Qxe5 g5 18. Bb2 Bg7 19. Qe2 Rad8 20. Qh5+ Kf8 21. Qg6 Qf6 22. Qh5 g4 23. Re2 Rd6 24. Rae1 Ke7 25. c5 Rd5 26. Rxe6+ Qxe6 27. Rxe6+ Kxe6 28. Qg6+ Ke7 29. Kf1 a6 30. h3 gxh3 31. gxh3 f4 32. Qe4+ Kd7 33. Qxf4 Rf8 34. Qg4+ Rdf5 35. Qxg7+ R8f7 36. Qg4 Ke7 37. Qe4+ Kf8 38. Qe3 Rf3 39. Qxh6+ Ke7 40. Qg5+ Ke6 41. Qe5+ Kd7 42. Qe2 Kd8 43. Kg2 R3f6 44. Kf1 Re7 45. Qh5 Rfe6 46. d5 Re1+ 47. Kg2 cxd5 48. Qxd5+ Kc7 49. Qd6+ Kc8 50. Bf6 R1e6 51. Bxe7 Rxd6 52. Bxd6 1-0

[Event "Steyr Landesliga 1920"]
[Site "Austria"]
[Date "2020.01.25"]
[Round "7.6"]
[White "Raeke, Philipp"]
[Black "Steiner, Peter"]
[Result "0-1"]
[WhiteElo "1812"]
[BlackElo "1950"]
[PlyCount "50"]
[EventDate "2019.09.28"]
[EventType "team-tourn"]
[EventRounds "11"]
[EventCountry "AUT"]
[SourceTitle "CBM 195 Extra"]
[Source "ChessBase"]
[SourceDate "2020.05.31"]
[SourceVersion "1"]
[SourceVersionDate "2020.05.31"]
[SourceQuality "1"]
[WhiteTeam "Trofaiach Niklasdorf"]
[BlackTeam "Pinggau Friedberg"]
[WhiteTeamCountry "AUT"]
[BlackTeamCountry "AUT"]

1. d4 Nf6 2. Nc3 g6 3. e4 d6 4. f3 Bg7 5. Be3 c6 6. Qd2 Nbd7 7. Bh6 Bxh6 8. Qxh6 Qa5 9. Qd2 b5 10. Nh3 0-0 11. g4 e5 12. Nf2 Rb8 13. h4 exd4 14. Qxd4 b4 15. Ncd1 Qe5 16. Qe3 Re8 17. Be2 Qg3 18. Kf1 d5 19. h5 dxe4 20. hxg6 exf3 21. gxf7+ Kxf7 22. Bc4+ Kg7 23. Qg5+ Kh8 24. Ne3 Qxf2+ 25. Kxf2 Ne4+ 0-1

[Event "Steyr Landesliga 1314"]
[Site "Austria"]
[Date "2014.04.12"]
[Round "11.8"]
[White "Koelber, Daniel"]
[Black "Raeke, Philipp"]
[Result "1/2-1/2"]
[WhiteElo "1279"]
[BlackElo "1139"]
[PlyCount "38"]
[EventDate "2013.09.28"]
[EventType "team-tourn"]
[EventRounds "11"]
[EventCountry "AUT"]
[SourceTitle "EXT 2015"]
[Source "ChessBase"]
[SourceDate "2014.11.20"]
[SourceVersion "1"]
[SourceVersionDate "2014.11.20"]
[SourceQuality "1"]
[WhiteTeam "Leoben"]
[BlackTeam "Kapfenberg/Norske/Bruck"]
[WhiteTeamCountry "AUT"]
[BlackTeamCountry "AUT"]

1. e4 c6 2. d4 d5 3. exd5 cxd5 4. c4 Nf6 5. Nc3 Bf5 6. Nf3 e6 7. Bg5 Be7 8. Bxf6 Bxf6 9. Ne5 Nc6 10. Nxc6 bxc6 11. c5 0-0 12. f4 Rb8 13. Qd2 Rb4 14. Nxd5 Rxd4 15. Nxf6+ Qxf6 16. Qf2 Rb4 17. 0-0-0 Rfb8 18. Rd2 a5 19. a3 Rxb2 1/2-1/2